000 00949nam0a22002651 4500
001 rc\2923737
005 20110815165736.5
035 _a(NLR Aleph) 007073719
090 _a6406419
_c6406419
100 _a20110815d1939 |||y0rusy50 ca
101 0 _arus
102 _aRU
105 _aa z |||||
200 1 _aВопросы транспорта воды высокой температуры
210 _aМосква
_cБ. и.
_d1939
215 _a[2], 2 с.
_cчерт.
_d29 см
225 1 _aИнформационное письмо ВТИ
_fНКЭП-СССР. Техсовет. Всесоюз. науч.-исслед. теплотехн. ин-т им. Ф.Э. Дзержинского
_v№ 45
300 _aАвт. указан в конце текста
300 _aЛитогр.
700 1 _aСоколов
_bС. Я.
801 0 _aRU
_bNLR
_gpsbo
801 1 _aRU
_bELAR
_2rusmarc
852 _aNLR
_jП10/901
942 _cBOOK
980 _aNB